| 000 | 00697nam a22002177a 4500 | ||
|---|---|---|---|
| 999 |
_c14517 _d14517 |
||
| 003 | AR-CdUCM | ||
| 008 | 190423b ||||| |||| 00| 0 spa d | ||
| 020 | _a978-84-205-4019-1 | ||
| 040 |
_aMUNICIPALIDAD PROVINCIAL DEL CUSCO _cBIBLIOTECA MUNICIPAL DEL CUSCO |
||
| 041 | _hspa | ||
| 082 |
_aEP / 803 / _bD53 _27ed. |
||
| 100 |
_aAmo, Montserrat del _933168 |
||
| 245 | _aLa reina de los mares / | ||
| 260 |
_aMadrid : _bPearson Alhambra, _c2010. |
||
| 300 |
_a44 páginas ; _bIlustraciones, _c20 cm. |
||
| 505 | _aContenido: La reina de los mares. | ||
| 650 |
_aCuentos infantiles _93927 |
||
| 700 |
_aGonzáles, Tesa (ilustración) _933169 |
||
| 942 |
_2ddc _cLIBROS |
||
| 945 |
_acmm _d2019-04-23 |
||